| 000 | 00343 a2200121 4500 | ||
|---|---|---|---|
| 001 | 92365 | ||
| 082 | _aPR 2578 | ||
| 090 |
_c44334 _d44335 |
||
| 100 | _aSaba, Prof Hassan and Mudassir (Advisors) | ||
| 245 |
_aThe Feasibility Study to Convert Falco UAV into an Armed UAV _n 79'A' EC |
||
| 260 |
_aIslamabad _b NUST _c2015 |
||
| 300 | _axiii, 73p. | ||
| 942 |
_aCAE NUST _kPR 2578 |
||
| 999 |
_c327438 _d327438 |
||